| 000 | 00427nam a2200145Ia 4500 | ||
|---|---|---|---|
| 008 | 231129s1984||||xx |||||||||||||| ||spa|| | ||
| 020 | _a84-7232-323-4 | ||
| 040 | _bspa | ||
| 082 | _a959.9 M722h | ||
| 100 | _aMolina Antonio | ||
| 245 | 0 | _aHistoria de Filipinas | |
| 260 | _c1984 | ||
| 264 | _aEdiciones Cultura Hispanica del Instituto de Cooperacion Iberoamericana | ||
| 942 |
_2ddc _cBKS |
||
| 999 |
_c15081 _d15081 |
||